000 00307nam a22001337a 4500
008 170529b xxu||||| |||| 00| 0 eng d
020 _a9780072460889
041 _aeng
080 _23RD
_a94(7/8)
100 _a16
101 _aSHH
245 _aTHE AMERICAN SOUTH A HISTORY
_cCOOPER,W.J
942 _2udc
_cBK
999 _c14904
_d14904